| 000 | 00530cam a2200193 a 4500 | ||
|---|---|---|---|
| 020 | _a032122762X | ||
| 050 | 0 | 0 |
_aQA 154.3 _b.L56 2005 |
| 100 | 1 | _aLial, Margaret L. | |
| 245 | 1 | 0 |
_aPrecalculus / _cMargaret L. Lial, John Hornsby, David I. Schneider. |
| 250 | _a3rd ed. | ||
| 260 |
_aBoston : _bPearson Addison Wesley, _cc2005. |
||
| 300 | _a (various pagings) : | ||
| 500 | _aIncludes index. | ||
| 650 | 0 | _bAlgebra | |
| 650 | 0 | _bTrigonometry | |
| 700 | 1 | _aHornsby, John, | |
| 700 | 1 | _aSchneider, David I. | |
| 942 |
_2lcc _cGEN |
||
| 999 |
_c6444 _d6444 |
||